Ilmu konstruksi bangunan
| Main Author: | |
|---|---|
| Format: | Book |
| Published: |
Yogyakarta
Yayasan Kanisius
1980
|
| Subjects: |
MARC
| LEADER | 00000cam a2200000 7i4500 | ||
|---|---|---|---|
| 001 | 0000000254 | ||
| 008 | 021118n | ||
| 090 | 0 | 0 | |a TH145 |b .F7 |
| 100 | 0 | |a Frick, Heinz |e author | |
| 245 | 0 | 0 | |a Ilmu konstruksi bangunan |c Heinz Frick |
| 260 | 2 | |a Yogyakarta |b Yayasan Kanisius |c 1980 | |
| 300 | |a 2 j. : ill. ; |c 21 sm. | ||
| 650 | 0 | |a Building |x Details | |
| 999 | |a 1000035556 |b Book |c OPEN SHELF (30 DAYS) |e Gong Badak Campus | ||
| 999 | |a 1000035558 |b Book |c OPEN SHELF (30 DAYS) |e Gong Badak Campus | ||